00000000nam##2200000za#4500
0019.580399
003CaOODSP
00520210624191023
007cr |||||||||||
008150406|1981||||xxc|||||o    f|0| 0 eng|d
040 |aCaOODSP|beng
043 |an-cn---
0861 |aFs97-13/256E-PDF
1101 |aCanada. |bDepartment of Fisheries and Oceans.
24510|aSummaries of British Columbia herring catch and sampling data by section, week and gear for the 1970s / |h[electronic resource]|cby A.S. Hourston.
260 |aNanaimo - British Columbia : |bFisheries and Oceans Canada |c1981.
300 |a495p.|btables
4901 |aCanadian data report of fisheries and aquatic sciences|vNo. 256
500 |aFile reproduced from original print. On t. p.: Pacific Biological Station, Nanaimo, British Columbia. The catalogue number and ISSN for the print edition appear in the PDF version.
546 |a(Résumé en français)
590 |a14-15-Supp|b2014-09-04
7201 |aHourston, A. S.
830#0|aCanadian data report of fisheries and aquatic sciences ;|vNo. 256|w(CaOODSP)9.505124
85640|ahttp://publications.gc.ca|qPDF|s7813 KB|uhttps://publications.gc.ca/collections/collection_2014/mpo-dfo/Fs97-13-256-eng.pdf|yNo. 256